Dua Lipa - Dance The Night Lyrics - Statistics

General Stats
  • This quiz has been taken 744 times
  • The average score is 250 of 385
Answer Stats
Answer % Correct
the
99%
a
97%
night
97%
dance
96%
Dance
96%
I
95%
(I
95%
me? (Uh-Huh)
93%
me
92%
me,
92%
away
91%
away (Uh-Huh)
91%
you
90%
my
87%
My
87%
be
83%
can
83%
on
80%
see
79%
Watch
78%
watch
78%
it
76%
it,
76%
it)
76%
When
76%
when
76%
do
75%
heart
74%
Baby,
70%
baby,
70%
could
70%
to
69%
don't
68%
Don't
68%
face (yes, I can, yes, I can)
68%
face
67%
under
66%
no
64%
but
63%
lights
63%
eyes
62%
Diamonds
61%
diamonds
61%
find
61%
out
58%
so
56%
burnin',
55%
wont
55%
won't
55%
and
49%
every
49%
for
49%
give
47%
party
47%
tonight
47%
up,
47%
come
46%
just
46%
of
46%
romance
46%
shakes
46%
'cause
45%
'Cause
45%
tight,
45%
best
44%
damn
44%
keep
43%
rhythm
43%
ride?
43%
still
43%
Turn
43%
wanna
43%
heartbeat
42%
tears,
42%
tears
42%
one
41%
outfit
41%
along
40%
believe
40%
shine
40%
that's
40%
beat,
39%
feel
39%
moment
39%
take
39%
chance
38%
heat,
38%
not
38%
place
38%
place (Yes, I can)
38%
here,
37%
know
36%
night's
36%
I'll
35%
breaks
33%
I've
33%
been
32%
hair
32%
Ooh,
31%
world
30%
about
29%
are
28%
edge
28%
bends,
27%
goin',
27%
Lately
27%
moving
27%
never
27%
close
26%
play
26%
runnin',
26%
runnin'
26%
(they
26%
lookin'
23%
alive,
22%
alive)
22%
like
22%
safe
22%
count
21%
ain't
20%
Even
20%
missing
20%
stay
19%
steps
17%
flowin'
14%
No matching quizzes found
Score Distribution
Percent of People with Each Score
Percentile by Number Answered
Your Score History
You have not taken this quiz